1735 1924 1330 1858 1252 1775 1200 1354 1405 1303 1101 1146 1353 1086 1499 1194 1215 1730 1047 1537 1669 1807 1519 1062 1961 1050 1662 1081 1130 1722 1185 1864 1035 1945 1180 1382 1795 1720 1350 1237 1147 1372 1484 1825 1621 1243 1463 1207 1701 1581 1634 1732 1152 1742 1233 1813 1267 1191 1638 1365 1562 1065 1717 1524 1425 1299 1069 1487 1482 1725 1209 1096 1721 1227 1302 1618 1201 1890 1957 1335 1519 1439 1665 1811 1156 1862 1071 1842 1245 1151 1662 1412 1453 1782 1716 1790 1751 1824 1156 BCNSPRNW ULIB Ver.6.0+V

เปลี่ยนเป็นภาษาไทย

Change to English
 แสดงรายละเอียดบรรณานุกรม
  กลับหน้าหลัก

Brief Record : Get Marc (ISO 2709) : E-mail record : QR code < ปิดหน้าต่าง
LEADER : 00000nam 2200000uu 4500
001    13399111135
003     ULIB
008    110616s||||||||th 000 0 tha d
020    9789740321347
050  4 BF576^bว848ช 2551
100 0  วีระวัฒน์ ปันนิตามัย
245 10 เชาวน์อารมณ์ =^bEmotional quotient - EQ :^bดัชนีเพื่อความสุขและความสำเร็จของชีวิต ฉบับปรับปรุงเพิ่มAQ และ MQ /^cวีระวัฒน์ ปันนิตามัย
246 14 เชาวน์อารมณ์ (EQ) :^bดัชนีเพื่อความสุขและความสำเร็จของชีวิต ฉบับปรับปรุงเพิ่มAQ และ MQ
246 30 ดัชนีเพื่อความสุขและความสำเร็จของชีวิต
246 31 Emotional quotient - EQ
250    พิมพ์ครั้งที่ 7 (ฉบับปรับปรุง)
260    กรุงเทพฯ :^bสำนักพิมพ์แห่งจุฬาลงกรณ์มหาวิทยาลัย,^c2551
300    401 หน้า ;^c21 ซม.
650  7 ความฉลาดทางอารมณ์
650  7 เชาวน์
650  7 อารมณ์
945    ^p190^l0^i024503
945    ^p190^l0^i024502
945    ^p190^l0^i024501
995    ทศพร
999 ^a ใช้งานได้ทุกระบบ
รายการนี้ยังไม่มีแท็ก
คุณยังไม่ได้ล็อกอิน คุณสามารถมีกิจกรรมร่วมกับเว็บไซต์ได้ แต่ต้องล็อกอินก่อน ::
  ล็อกอิน

รายการสื่อสารสนเทศ

ลำดับที่ ประเภท เลขเรียก/บาร์โค้ด สถานที่ สถานะ
- ไม่พบข้อมูล -

รายการใกล้เคียง
    ผู้แต่ง [วีระวัฒน์ ปันนิตามัย]

    หัวเรื่อง [ความฉลาดทางอารมณ์]
    หัวเรื่อง [เชาวน์]
    หัวเรื่อง [อารมณ์]

BibComment


ยังไม่เคยถูกคอมเมนท์

คอมเมนท์ทรัพยากรรายการนี้
  คอมเมนท์: เชาวน์อารมณ์ Emo..


 Copyright 2026. Bcnsprnw @Library